1761 1114 1589 1848 1314 1155 1713 1732 1078 1115 1131 1269 1715 1642 1637 1603 1536 1801 1238 1076 1053 1155 1163 1393 1183 1239 1187 1530 1872 1820 1741 1906 1138 1403 1356 1930 1712 1176 1971 1116 1077 1470 1865 1166 1172 1244 1407 1190 1857 1924 1073 1622 1937 1660 1367 1061 1132 1709 1532 1733 1861 1617 1127 1815 1401 1196 1590 1258 1617 1434 1694 1428 1027 1823 1012 1263 1533 1140 1688 1644 1693 1562 1660 1810 1739 1261 1740 1258 1827 1325 1637 1711 1468 1829 1807 1244 1312 1784 1627 BCNSPRNW ULIB Ver.6.0+V

เปลี่ยนเป็นภาษาไทย

Change to English
 แสดงรายละเอียดบรรณานุกรม
  กลับหน้าหลัก

Brief Record : Get Marc (ISO 2709) : E-mail record : QR code < ปิดหน้าต่าง
LEADER : 00000nam 2200000uu 4500
001    13399122947
003     ULIB
008    020711s2556 th a 000 0 tha d
020    9786165432306
050    DS586^b
110    กรมศิลปากร
245    ศรีศตวรรษมหาสังฆราชา/^cกรมศิลปากร
260    กรุงเทพฯ :^bกรมศิลปากร,^c2556
300    119 หน้า
650    สมเด็จพระญาณสังวร สมเด็จพระสังฆราช
945    ^p0^l0^i20255
945    ^p0^l0^i20256
รายการนี้ยังไม่มีแท็ก
คุณยังไม่ได้ล็อกอิน คุณสามารถมีกิจกรรมร่วมกับเว็บไซต์ได้ แต่ต้องล็อกอินก่อน ::
  ล็อกอิน

รายการสื่อสารสนเทศ

ลำดับที่ ประเภท เลขเรียก/บาร์โค้ด สถานที่ สถานะ
1. การศึกษาทั่วไป
การศึกษาทั่วไป
DS586 ฉ.1 
  Barcode: 20255
ห้องสมุดวิทยาเขตนครสวรรค์
►หนังสือทั่วไป:l:General Books
บนชั้น
2. การศึกษาทั่วไป
การศึกษาทั่วไป
DS586 ฉ.2 
  Barcode: 20256
ห้องสมุดวิทยาเขตนครสวรรค์
►หนังสือทั่วไป:l:General Books
บนชั้น

BibComment


ยังไม่เคยถูกคอมเมนท์

คอมเมนท์ทรัพยากรรายการนี้
  คอมเมนท์: ศรีศตวรรษมหาสังฆร..


 Copyright 2026. Bcnsprnw @Library